000 00397nam a22001697a 4500
003 UA-OsUOA
001 4160
007 ta
008 20050721b un ||||| |||| 00| 0 ukr d
100 _aСтарец
700 _aС. М.
942 _cBK
040 _aUA-OsUOA
_cUA-OsUOA
_dUA-OsUOA
245 _aПотугальско-русский словарь.
_bDictionary
955 _a2
650 7 _2UDC
999 _c290322
_d290322